Last Player to Win Scoring Title For Every Team - Statistics

General Stats
  • This quiz has been taken 4 times
  • The average score is 15 of 18
Answer Stats
Team Year Player % Correct
HOU 2020 James Harden
100%
PHI 2023 Joel Embiid
100%
LAL 2007 Kobe Bryant
100%
CLE 2008 LeBron James
100%
DAL 2024 Luka Doncic
100%
CHI 1998 Michael Jordan
100%
OKL 2017 Russell Westbrook
100%
GSW 2021 Steph Curry
100%
DEN 1983 Alex English
75%
SAS 1994 David Robinson
75%
ATL 1986 Dominique Wilkins
75%
MIA 2009 Dwyane Wade
75%
MIL 1972 Kareem Abdul-Jabbar
75%
ORL 2004 Tracy McGrady
75%
UTA 1984 Adrian Dantley
50%
LAC 1976 Bob McAdoo
50%
NYK 2013 Carmelo Anthony
50%
DET 1968 Dave Bing
50%
No matching quizzes found
Score Distribution
Percent of People with Each Score
Percentile by Number Answered
Your Score History
You have not taken this quiz